| 000 -LEADER |
| fixed length control field |
00818nam a2200205Ia 4500 |
| 001 - CONTROL NUMBER |
| control field |
9801 |
| 003 - CONTROL NUMBER IDENTIFIER |
| control field |
GE_BSU |
| 008 - FIXED-LENGTH DATA ELEMENTS--GENERAL INFORMATION |
| fixed length control field |
181216s||||||||xx |||||||||||||| ||und|| |
| 040 ## - CATALOGING SOURCE |
| Transcribing agency |
GE_BSU |
| 080 ## - UNIVERSAL DECIMAL CLASSIFICATION NUMBER |
| Universal Decimal Classification number |
821.353.1–32+821.353.1-31+821.353.1-92 |
| 100 ## - MAIN ENTRY--PERSONAL NAME |
| Personal name |
ნინოშვილი,ეგნატე |
| 245 ## - TITLE STATEMENT |
| Title |
თხზულებები |
| 245 ## - TITLE STATEMENT |
| Statement of responsibility, etc. |
შეადგ.წინასიტყვ.შენიშვნ. და ლექსიკონი დაურთო ალ.ღლონტმა.რედ. რ.სირაძე. მხატვ. დ.ჯაბუა |
| 260 ## - PUBLICATION, DISTRIBUTION, ETC. |
| Place of publication, distribution, etc. |
თბილისი |
| 260 ## - PUBLICATION, DISTRIBUTION, ETC. |
| Name of publisher, distributor, etc. |
საბჭოთა საქართველო |
| 260 ## - PUBLICATION, DISTRIBUTION, ETC. |
| Date of publication, distribution, etc. |
1984 |
| 300 ## - PHYSICAL DESCRIPTION |
| Extent |
545გვ.პორტრ.22სმ. |
| 653 ## - INDEX TERM--UNCONTROLLED |
| Uncontrolled term |
თხზულებები |
| 942 ## - ADDED ENTRY ELEMENTS (KOHA) |
| Koha item type |
წიგნი |